[Event "World Chess Olympiad 2018"]
[Site "Batumi"]
[Date "2018.09.28"]
[Round "5"]
[Board "1"]
[WhiteFideId "5702488"]
[White "Lim Zhuo Ren"]
[BlackFideId "21500150"]
[Black "Al Ghamdi Ahmed M"]
[Result "1-0"]
[LiveChessVersion "1.4.8"]
[BlackElo "2126"]
[WhiteElo "2182"]

1. Nf3 {[%clk 1:30:50]} Nf6 {[%clk 1:30:53]} 2. c4 {[%clk 1:31:04]} g6
{[%clk 1:31:15]} 3. g3 {[%clk 1:31:07]} Bg7 {[%clk 1:31:38]} 4. Bg2
{[%clk 1:31:17]} O-O {[%clk 1:32:00]} 5. d4 {[%clk 1:31:40]} d6 {[%clk 1:32:24]}
6. O-O {[%clk 1:32:00]} Nbd7 {[%clk 1:32:51]} 7. Nc3 {[%clk 1:32:16]} e5
{[%clk 1:33:17]} 8. e4 {[%clk 1:32:29]} exd4 {[%clk 1:33:40]} 9. Nxd4
{[%clk 1:32:52]} Re8 {[%clk 1:34:07]} 10. h3 {[%clk 1:31:38]} a6 {[%clk 1:34:26]}
11. Be3 {[%clk 1:30:00]} Rb8 {[%clk 1:34:40]} 12. b3 {[%clk 1:26:12]} c5
{[%clk 1:29:57]} 13. Nde2 {[%clk 1:25:47]} b5 {[%clk 1:25:33]} 14. Qxd6
{[%clk 1:24:57]} b4 {[%clk 1:23:09]} 15. Na4 {[%clk 1:24:57]} Nxe4
{[%clk 1:22:33]} 16. Bxe4 {[%clk 1:25:22]} Bxa1 {[%clk 1:22:22]} 17. Rxa1
{[%clk 1:25:36]} Rxe4 {[%clk 1:22:30]} 18. Nxc5 {[%clk 1:25:56]} Rb6
{[%clk 1:12:57]} 19. Qd2 {[%clk 0:29:19]} Rxe3 {[%clk 1:07:17]} 20. Qxe3
{[%clk 0:28:56]} Nxc5 {[%clk 1:01:14]} 21. Qxc5 {[%clk 0:29:24]} Bxh3
{[%clk 1:01:31]} 22. Nf4 {[%clk 0:29:31]} Bg4 {[%clk 0:58:19]} 23. Nd5
{[%clk 0:29:08]} Re6 {[%clk 0:58:20]} 24. Qxb4 {[%clk 0:26:06]} Bf3
{[%clk 0:55:52]} 25. Qc3 {[%clk 0:21:14]} Be4 {[%clk 0:49:31]} 26. Re1
{[%clk 0:21:02]} f5 {[%clk 0:48:44]} 27. Rd1 {[%clk 0:19:39]} Qg5
{[%clk 0:43:02]} 28. Nf4 {[%clk 0:18:06]} Re8 {[%clk 0:42:15]} 29. Rd7
{[%clk 0:14:35]} Qh6 {[%clk 0:42:42]} 30. f3 {[%clk 0:14:58]} Bc6
{[%clk 0:42:45]} 31. Rd6 {[%clk 0:14:56]} Qg5 {[%clk 0:41:15]} 32. Kg2
{[%clk 0:14:14]} Ba8 {[%clk 0:39:07]} 33. c5 {[%clk 0:14:22]} Qe7
{[%clk 0:37:44]} 34. Qc4+ {[%clk 0:13:59]} Kh8 {[%clk 0:37:41]} 35. Qd4+
{[%clk 0:14:11]} Kg8 {[%clk 0:38:02]} 36. c6 {[%clk 0:10:25]} Qe1
{[%clk 0:37:49]} 37. Rd7 {[%clk 0:09:48]} Re7 {[%clk 0:36:19]} 38. Rd8+
{[%clk 0:08:58]} Kf7 {[%clk 0:36:41]} 39. Rxa8 {[%clk 0:08:32]} g5
{[%clk 0:37:03]} 40. Qd5+ {[%clk 0:37:06]} Kg7 {[%clk 1:07:25]} 41. Rg8+
{[%clk 0:37:01]} 1-0

[Event "World Chess Olympiad 2018"]
[Site "Batumi"]
[Date "2018.09.28"]
[Round "5"]
[Board "2"]
[WhiteFideId "21501564"]
[White "Masrahi Abdulrahman A"]
[BlackFideId "5704154"]
[Black "Zulkipli Zaidan"]
[Result "0-1"]
[LiveChessVersion "1.4.8"]
[BlackElo "2203"]
[WhiteElo "1879"]

1. d4 {[%clk 1:30:58]} Nf6 {[%clk 1:30:56]} 2. Bf4 {[%clk 1:31:20]} g6
{[%clk 1:31:22]} 3. e3 {[%clk 1:31:43]} Bg7 {[%clk 1:31:48]} 4. Nf3
{[%clk 1:32:08]} d6 {[%clk 1:31:43]} 5. h3 {[%clk 1:32:26]} O-O {[%clk 1:32:06]}
6. Be2 {[%clk 1:32:51]} Nfd7 {[%clk 1:31:58]} 7. O-O {[%clk 1:33:12]} e5
{[%clk 1:32:20]} 8. Bh2 {[%clk 1:33:36]} Nc6 {[%clk 1:31:47]} 9. c4
{[%clk 1:33:54]} e4 {[%clk 1:31:47]} 10. Nfd2 {[%clk 1:34:03]} f5
{[%clk 1:32:08]} 11. Nc3 {[%clk 1:33:46]} Nf6 {[%clk 1:32:27]} 12. a3
{[%clk 1:29:59]} Kh8 {[%clk 1:31:07]} 13. b4 {[%clk 1:30:08]} Ne7
{[%clk 1:31:30]} 14. c5 {[%clk 1:29:10]} d5 {[%clk 1:30:33]} 15. b5
{[%clk 1:23:21]} g5 {[%clk 1:30:35]} 16. a4 {[%clk 1:19:45]} Ng6 {[%clk 1:29:49]}
17. c6 {[%clk 1:12:26]} bxc6 {[%clk 1:28:13]} 18. bxc6 {[%clk 1:12:46]} f4
{[%clk 1:28:35]} 19. Qc2 {[%clk 1:11:11]} Qe7 {[%clk 1:28:05]} 20. Rfb1
{[%clk 1:07:10]} Rg8 {[%clk 1:26:44]} 21. a5 {[%clk 0:55:05]} Bh6
{[%clk 1:26:16]} 22. a6 {[%clk 0:55:09]} fxe3 {[%clk 1:23:12]} 23. Nf1
{[%clk 0:44:09]} exf2+ {[%clk 1:23:02]} 24. Kxf2 {[%clk 0:42:01]} g4
{[%clk 1:22:01]} 25. hxg4 {[%clk 0:41:07]} Bxg4 {[%clk 1:20:05]} 26. Rb7
{[%clk 0:36:27]} Nf4 {[%clk 1:12:34]} 27. Bxf4 {[%clk 0:31:49]} Bxf4
{[%clk 1:13:02]} 28. g3 {[%clk 0:29:30]} Bh6 {[%clk 1:07:46]} 29. Rab1
{[%clk 0:24:37]} Raf8 {[%clk 1:08:05]} 30. Kg2 {[%clk 0:24:36]} Bf3+
{[%clk 0:59:24]} 31. Kg1 {[%clk 0:21:34]} Qd6 {[%clk 0:55:29]} 32. Bxf3
{[%clk 0:20:35]} exf3 {[%clk 0:55:57]} 33. Qh2 {[%clk 0:20:54]} Ng4
{[%clk 0:51:36]} 34. Qh5 {[%clk 0:16:20]} Rg5 {[%clk 0:51:33]} 35. Qh4
{[%clk 0:16:30]} Qf6 {[%clk 0:51:22]} 0-1

[Event "World Chess Olympiad 2018"]
[Site "Batumi"]
[Date "2018.09.28"]
[Round "5"]
[Board "3"]
[WhiteFideId "5702640"]
[White "Fong Yit San"]
[BlackFideId "21500029"]
[Black "Al Habeeb Emad"]
[Result "1-0"]
[LiveChessVersion "1.4.8"]
[BlackElo "1910"]
[WhiteElo "2108"]

1. e4 {[%clk 1:30:56]} d6 {[%clk 1:30:40]} 2. d4 {[%clk 1:31:07]} Nf6
{[%clk 1:30:38]} 3. Nc3 {[%clk 1:31:29]} e5 {[%clk 1:30:19]} 4. Nf3
{[%clk 1:29:54]} Nbd7 {[%clk 1:29:03]} 5. Bc4 {[%clk 1:29:13]} Be7
{[%clk 1:27:51]} 6. O-O {[%clk 1:23:20]} O-O {[%clk 1:27:49]} 7. h3
{[%clk 1:22:11]} c6 {[%clk 1:20:06]} 8. a4 {[%clk 1:22:23]} a5 {[%clk 1:18:05]}
9. Be3 {[%clk 1:19:37]} h6 {[%clk 1:13:12]} 10. Qe2 {[%clk 1:14:23]} Nh7
{[%clk 1:08:25]} 11. Rad1 {[%clk 1:12:23]} Bf6 {[%clk 1:05:02]} 12. dxe5
{[%clk 1:11:25]} dxe5 {[%clk 1:02:14]} 13. Bc5 {[%clk 1:09:34]} Re8
{[%clk 0:55:22]} 14. Nh2 {[%clk 1:07:03]} Be7 {[%clk 0:52:32]} 15. Bd6
{[%clk 1:00:45]} Bxd6 {[%clk 0:49:16]} 16. Rxd6 {[%clk 1:01:03]} Qe7
{[%clk 0:49:28]} 17. Rfd1 {[%clk 1:00:58]} Nc5 {[%clk 0:46:05]} 18. Nf3
{[%clk 0:56:14]} Ng5 {[%clk 0:41:31]} 19. Nxg5 {[%clk 0:53:49]} Qxg5
{[%clk 0:41:25]} 20. Qf3 {[%clk 0:53:49]} Be6 {[%clk 0:36:21]} 21. Bxe6
{[%clk 0:50:47]} Nxe6 {[%clk 0:32:25]} 22. Rd7 {[%clk 0:49:36]} Re7
{[%clk 0:32:43]} 23. R7d2 {[%clk 0:49:19]} Rf8 {[%clk 0:30:56]} 24. Ne2
{[%clk 0:48:23]} f5 {[%clk 0:27:34]} 25. exf5 {[%clk 0:46:12]} Rxf5
{[%clk 0:26:52]} 26. Qg3 {[%clk 0:45:31]} Qf6 {[%clk 0:22:06]} 27. Nc3
{[%clk 0:45:28]} Rg5 {[%clk 0:19:26]} 28. Ne4 {[%clk 0:45:00]} Qf7
{[%clk 0:12:51]} 29. Nxg5 {[%clk 0:45:14]} Nxg5 {[%clk 0:12:54]} 30. Qg4
{[%clk 0:43:38]} Ne6 {[%clk 0:09:53]} 31. c3 {[%clk 0:43:22]} Nc5
{[%clk 0:08:11]} 32. Rd8+ {[%clk 0:42:40]} Kh7 {[%clk 0:05:26]} 33. Qc8
{[%clk 0:42:44]} Ne6 {[%clk 0:04:08]} 34. R8d7 {[%clk 0:40:18]} Nf8
{[%clk 0:03:15]} 35. Rxe7 {[%clk 0:39:56]} Qxe7 {[%clk 0:03:31]} 36. Qf5+
{[%clk 0:39:30]} g6 {[%clk 0:01:43]} 37. Qc8 {[%clk 0:39:48]} Kg7
{[%clk 0:01:51]} 38. Qd8 {[%clk 0:39:35]} Kf7 {[%clk 0:00:45]} 39. Qxa5
{[%clk 0:39:57]} Nd7 {[%clk 0:00:55]} 40. Qc7 {[%clk 1:10:05]} Nf6
{[%clk 0:30:57]} 41. Qc8 {[%clk 1:10:10]} e4 {[%clk 0:28:39]} 42. Qd8
{[%clk 1:08:55]} Qe5 {[%clk 0:22:44]} 43. Rd6 {[%clk 1:08:40]} Qe7
{[%clk 0:19:33]} 44. Kf1 {[%clk 1:08:38]} g5 {[%clk 0:15:47]} 45. Ke2
{[%clk 1:08:24]} Qe5 {[%clk 0:14:37]} 46. Qxf6+ {[%clk 1:08:01]} Qxf6
{[%clk 0:15:00]} 47. Rxf6+ {[%clk 1:08:27]} Kxf6 {[%clk 0:15:21]} 48. Ke3
{[%clk 1:08:50]} Ke5 {[%clk 0:15:34]} 49. c4 {[%clk 1:08:57]} c5 {[%clk 0:13:19]}
50. g4 {[%clk 1:09:17]} b6 {[%clk 0:13:07]} 51. b3 {[%clk 1:09:38]} 1-0

[Event "World Chess Olympiad 2018"]
[Site "Batumi"]
[Date "2018.09.28"]
[Round "5"]
[Board "4"]
[WhiteFideId "21500193"]
[White "Al Mutairi Hassan S"]
[BlackFideId "5716934"]
[Black "Mahmood Shah Mukhriez Shah"]
[Result "0-1"]
[LiveChessVersion "1.4.8"]
[BlackElo "1826"]
[WhiteElo "1809"]

1. e4 {[%clk 1:30:34]} c5 {[%clk 1:29:08]} 2. Nf3 {[%clk 1:30:21]} Nc6
{[%clk 1:27:51]} 3. Bb5 {[%clk 1:30:22]} g6 {[%clk 1:26:52]} 4. O-O
{[%clk 1:29:26]} Bg7 {[%clk 1:25:52]} 5. Re1 {[%clk 1:28:29]} Nf6
{[%clk 1:24:50]} 6. e5 {[%clk 1:27:41]} Nd5 {[%clk 1:23:49]} 7. Nc3
{[%clk 1:27:22]} Nc7 {[%clk 1:21:55]} 8. Bxc6 {[%clk 1:26:45]} dxc6
{[%clk 1:20:37]} 9. Ne4 {[%clk 1:20:46]} b6 {[%clk 1:19:05]} 10. Nf6+
{[%clk 1:18:41]} Bxf6 {[%clk 1:17:57]} 11. exf6 {[%clk 1:17:52]} e6
{[%clk 1:17:51]} 12. d4 {[%clk 1:10:55]} cxd4 {[%clk 1:16:43]} 13. Bh6
{[%clk 1:02:06]} Qxf6 {[%clk 1:08:03]} 14. Bg5 {[%clk 1:00:09]} Qg7
{[%clk 1:08:05]} 15. Nxd4 {[%clk 0:52:52]} Bb7 {[%clk 0:57:47]} 16. Qf3
{[%clk 0:40:41]} O-O {[%clk 0:53:44]} 17. Bf6 {[%clk 0:40:14]} Qh6
{[%clk 0:53:42]} 18. c4 {[%clk 0:34:59]} Rfc8 {[%clk 0:49:32]} 19. Nxc6
{[%clk 0:15:54]} Bxc6 {[%clk 0:44:18]} 20. Qxc6 {[%clk 0:16:06]} Ne8
{[%clk 0:32:43]} 21. Qf3 {[%clk 0:16:24]} Nxf6 {[%clk 0:31:22]} 22. Qxf6
{[%clk 0:16:52]} Rxc4 {[%clk 0:31:05]} 23. Rxe6 {[%clk 0:17:19]} Rf4
{[%clk 0:31:24]} 0-1

[Event "World Chess Olympiad 2018"]
[Site "Batumi"]
[Date "2018.09.28"]
[Round "5"]
[Board "1"]
[WhiteFideId "12200875"]
[White "Tagelsir Abubaker"]
[BlackFideId "15701190"]
[Black "Kibrom Weldegebriel Beraki"]
[Result "1-0"]
[LiveChessVersion "1.4.8"]
[BlackElo "1723"]
[WhiteElo "2236"]

1. e4 {[%clk 1:27:12]} e5 {[%clk 1:30:43]} 2. Nf3 {[%clk 1:27:28]} Nc6
{[%clk 1:30:56]} 3. d4 {[%clk 1:27:51]} exd4 {[%clk 1:30:58]} 4. Nxd4
{[%clk 1:28:14]} Nf6 {[%clk 1:30:52]} 5. Nxc6 {[%clk 1:28:17]} bxc6
{[%clk 1:30:54]} 6. e5 {[%clk 1:28:23]} Qe7 {[%clk 1:29:05]} 7. Qe2
{[%clk 1:28:34]} Nd5 {[%clk 1:29:02]} 8. c4 {[%clk 1:28:56]} Ba6 {[%clk 1:27:23]}
9. b3 {[%clk 1:26:58]} g6 {[%clk 1:25:30]} 10. f4 {[%clk 1:25:14]} Bg7
{[%clk 1:22:24]} 11. Qf2 {[%clk 1:20:40]} Nf6 {[%clk 1:19:10]} 12. Be2
{[%clk 1:13:21]} Ne4 {[%clk 1:16:16]} 13. Qe3 {[%clk 1:12:35]} Nd6
{[%clk 0:52:51]} 14. O-O {[%clk 1:04:28]} O-O {[%clk 0:50:01]} 15. Qd2
{[%clk 1:01:04]} Rfe8 {[%clk 0:37:36]} 16. Bg4 {[%clk 0:39:09]} Ne4
{[%clk 0:28:29]} 17. Qa5 {[%clk 0:38:35]} Bc8 {[%clk 0:27:12]} 18. Ba3
{[%clk 0:38:07]} d6 {[%clk 0:25:56]} 19. Bf3 {[%clk 0:38:09]} f5 {[%clk 0:24:44]}
20. Bxe4 {[%clk 0:37:50]} fxe4 {[%clk 0:25:06]} 21. Nc3 {[%clk 0:36:30]} g5
{[%clk 0:20:59]} 22. Rae1 {[%clk 0:32:54]} e3 {[%clk 0:19:53]} 23. Ne2
{[%clk 0:15:32]} gxf4 {[%clk 0:17:57]} 24. exd6 {[%clk 0:12:24]} cxd6
{[%clk 0:18:20]} 25. Qh5 {[%clk 0:12:28]} Qe5 {[%clk 0:16:38]} 26. Qh4
{[%clk 0:07:18]} Rf8 {[%clk 0:12:43]} 27. Rxf4 {[%clk 0:06:52]} Rxf4
{[%clk 0:10:39]} 28. Qxf4 {[%clk 0:07:16]} Qxf4 {[%clk 0:10:02]} 29. Nxf4
{[%clk 0:07:35]} Be5 {[%clk 0:10:04]} 30. g3 {[%clk 0:05:54]} c5 {[%clk 0:07:49]}
31. Bc1 {[%clk 0:04:09]} a5 {[%clk 0:07:55]} 32. Bxe3 {[%clk 0:03:57]} a4
{[%clk 0:08:11]} 33. Nd5 {[%clk 0:03:52]} axb3 {[%clk 0:08:15]} 34. axb3
{[%clk 0:04:18]} Bh3 {[%clk 0:08:21]} 35. Bxc5 {[%clk 0:03:53]} Re8
{[%clk 0:05:08]} 36. Bf2 {[%clk 0:03:27]} Rb8 {[%clk 0:05:12]} 37. b4
{[%clk 0:03:50]} Be6 {[%clk 0:05:19]} 38. Ne7+ {[%clk 0:03:44]} Kf7
{[%clk 0:05:09]} 39. Nc6 {[%clk 0:04:12]} Rc8 {[%clk 0:04:31]} 40. Nxe5+
{[%clk 0:34:30]} dxe5 {[%clk 0:34:57]} 41. c5 {[%clk 0:33:36]} Kf6
{[%clk 0:35:10]} 42. Rd1 {[%clk 0:26:43]} Rb8 {[%clk 0:34:59]} 43. Be1
{[%clk 0:27:03]} h5 {[%clk 0:33:34]} 44. Bc3 {[%clk 0:27:23]} Bc4
{[%clk 0:33:15]} 45. Rd6+ {[%clk 0:24:11]} Kf5 {[%clk 0:33:36]} 46. Kf2
{[%clk 0:23:23]} Ke4 {[%clk 0:33:34]} 47. Rf6 {[%clk 0:21:53]} Ra8
{[%clk 0:31:20]} 48. Kg2 {[%clk 0:14:11]} Ra3 {[%clk 0:30:19]} 49. Bd2
{[%clk 0:14:12]} Ra2 {[%clk 0:29:36]} 50. Rf2 {[%clk 0:14:36]} Bd5
{[%clk 0:28:31]} 51. Kh3 {[%clk 0:13:52]} Kd3 {[%clk 0:28:33]} 52. Be1
{[%clk 0:14:03]} Re2 {[%clk 0:12:55]} 53. Rxe2 {[%clk 0:14:07]} Kxe2
{[%clk 0:13:19]} 54. Bc3 {[%clk 0:14:30]} e4 {[%clk 0:13:45]} 55. b5
{[%clk 0:14:46]} Kd3 {[%clk 0:14:04]} 56. Be1 {[%clk 0:14:49]} e3
{[%clk 0:14:13]} 57. c6 {[%clk 0:14:54]} Kc4 {[%clk 0:13:38]} 58. c7
{[%clk 0:15:13]} Be6+ {[%clk 0:13:36]} 59. Kh4 {[%clk 0:15:34]} Kxb5
{[%clk 0:14:04]} 60. Kxh5 {[%clk 0:15:53]} Kc6 {[%clk 0:14:02]} 61. Ba5
{[%clk 0:11:26]} e2 {[%clk 0:14:10]} 62. h4 {[%clk 0:11:34]} Kb5 {[%clk 0:14:17]}
63. Bc3 {[%clk 0:11:36]} Kc6 {[%clk 0:14:42]} 64. Kg6 {[%clk 0:11:06]} Kxc7
{[%clk 0:15:01]} 65. h5 {[%clk 0:11:26]} Kd6 {[%clk 0:15:00]} 66. Kf6
{[%clk 0:11:04]} Bg8 {[%clk 0:14:25]} 67. g4 {[%clk 0:11:20]} Kd5
{[%clk 0:14:51]} 68. g5 {[%clk 0:11:39]} 1-0

[Event "World Chess Olympiad 2018"]
[Site "Batumi"]
[Date "2018.09.28"]
[Round "5"]
[Board "4"]
[WhiteFideId "11200596"]
[White "Bukhalaf Khalil"]
[BlackFideId "1800132"]
[Black "Rayner Francis"]
[Result "1/2-1/2"]
[LiveChessVersion "1.4.8"]
[BlackElo "2083"]
[WhiteElo "1914"]

1. c4 g6 2. Nc3 Bg7 3. g3 d6 4. Bg2 e5 5. d3 f5 6. e3 Nf6 7. Nge2 O-O 8. O-O Nc6
9. b3 Be6 10. Ba3 Bf7 11. Rc1 Re8 12. Qd2 d5 13. cxd5 Nxd5 14. Rfd1 Nce7 15. Bxe7
Rxe7 16. d4 e4 17. Nxd5 Bxd5 18. Qb4 Rd7 19. Rc2 c6 20. Bf1 Bf8 21. Qc3 a5 22.
Nf4 Bb4 23. Qb2 Qe7 24. Nxd5 cxd5 25. a4 Ba3 26. Qa2 Rdd8 27. Bb5 Qd6 28. Ra1 Bb4
29. Rac1 Ba3 30. Ra1 Bb4 31. Rac1 Ba3 32. Ra1 1/2-1/2

[Event "World Chess Olympiad 2018"]
[Site "Batumi"]
[Date "2018.09.28"]
[Round "5"]
[Board "1"]
[WhiteFideId "11900270"]
[White "Marckens Jean Louis"]
[BlackFideId "11502398"]
[Black "Wazwaz Amjad"]
[Result "1-0"]
[LiveChessVersion "1.4.8"]
[BlackElo "1986"]
[WhiteElo "1992"]

1. e4 {[%clk 1:30:49]} e5 {[%clk 1:30:44]} 2. Nf3 {[%clk 1:31:10]} Nc6
{[%clk 1:31:09]} 3. d4 {[%clk 1:31:27]} exd4 {[%clk 1:31:32]} 4. Nxd4
{[%clk 1:31:50]} Bc5 5. Be3 Bb6 {[%clk 1:30:40]} 6. Bc4 {[%clk 1:31:08]} Ne5
{[%clk 1:29:39]} 7. Bb3 {[%clk 1:29:33]} d6 {[%clk 1:29:57]} 8. h3
{[%clk 1:28:18]} Nf6 {[%clk 1:28:34]} 9. Nd2 {[%clk 1:26:18]} Bd7
{[%clk 1:28:00]} 10. O-O {[%clk 1:25:48]} Qc8 {[%clk 1:26:58]} 11. f4
{[%clk 1:20:48]} Nc6 {[%clk 1:25:31]} 12. c3 {[%clk 1:20:31]} O-O
{[%clk 1:24:33]} 13. Qf3 {[%clk 1:18:36]} Re8 {[%clk 1:20:48]} 14. Rae1
{[%clk 1:17:41]} Qd8 {[%clk 1:16:17]} 15. Bf2 {[%clk 1:15:44]} a5
{[%clk 1:08:28]} 16. a3 {[%clk 1:09:38]} a4 {[%clk 1:08:24]} 17. Bc4
{[%clk 1:09:19]} Ba5 {[%clk 1:04:48]} 18. g4 {[%clk 1:01:21]} Nxd4 19. Bxd4 Bc6
{[%clk 0:59:40]} 20. g5 {[%clk 0:59:59]} Nxe4 {[%clk 0:56:52]} 21. Nxe4
{[%clk 0:59:43]} d5 {[%clk 0:54:22]} 22. Nf6+ {[%clk 0:59:25]} gxf6
{[%clk 0:54:29]} 23. gxf6 {[%clk 0:59:12]} Kh8 {[%clk 0:54:24]} 24. Bd3
{[%clk 0:59:14]} Re4 {[%clk 0:52:04]} 25. Qh5 {[%clk 0:54:40]} Qd7
{[%clk 0:50:49]} 26. Bxe4 {[%clk 0:54:00]} dxe4 {[%clk 0:50:41]} 27. Kh2
{[%clk 0:54:14]} Qd5 {[%clk 0:42:58]} 28. Qh6 {[%clk 0:51:04]} 1-0

[Event "World Chess Olympiad 2018"]
[Site "Batumi"]
[Date "2018.09.28"]
[Round "5"]
[Board "1"]
[WhiteFideId "11300507"]
[White "Oatlhotse Providence"]
[BlackFideId "11700599"]
[Black "Farazi Khaiber"]
[Result "0-1"]
[LiveChessVersion "1.4.8"]
[BlackElo "2064"]
[WhiteElo "2206"]

1. c4 {[%clk 1:30:50]} Nf6 {[%clk 1:30:53]} 2. g3 {[%clk 1:31:09]} g6
{[%clk 1:31:16]} 3. Bg2 {[%clk 1:31:35]} Bg7 {[%clk 1:31:35]} 4. Nc3
{[%clk 1:32:02]} O-O {[%clk 1:31:41]} 5. d3 {[%clk 1:32:25]} c5 {[%clk 1:29:27]}
6. Nf3 {[%clk 1:31:55]} Nc6 {[%clk 1:29:40]} 7. O-O {[%clk 1:32:19]} d5
{[%clk 1:29:00]} 8. cxd5 {[%clk 1:32:46]} Nxd5 {[%clk 1:29:22]} 9. Nxd5
{[%clk 1:33:14]} Qxd5 {[%clk 1:29:38]} 10. Be3 {[%clk 1:33:42]} Qd6
{[%clk 1:18:18]} 11. Rc1 {[%clk 1:33:27]} Nd4 {[%clk 1:14:44]} 12. Nd2
{[%clk 1:32:33]} Bg4 {[%clk 1:09:01]} 13. Re1 {[%clk 1:32:05]} Qa6
{[%clk 1:04:58]} 14. Rxc5 {[%clk 1:24:56]} Rac8 {[%clk 0:57:37]} 15. b4
{[%clk 0:38:00]} b6 {[%clk 0:55:36]} 16. Rc4 {[%clk 7:00:47]} Rxc4
{[%clk 0:51:39]} 17. dxc4 {[%clk 0:11:37]} Qxa2 {[%clk 0:43:50]} 18. c5
{[%clk 0:11:46]} bxc5 {[%clk 0:43:34]} 19. bxc5 {[%clk 0:12:15]} Rd8
{[%clk 0:39:01]} 20. c6 {[%clk 0:11:12]} Nc2 {[%clk 0:34:53]} 21. c7
{[%clk 0:08:24]} Rc8 {[%clk 0:30:48]} 22. Nf1 {[%clk 0:03:15]} Nxe1
{[%clk 0:24:21]} 23. Qd8+ {[%clk 0:03:44]} Bf8 {[%clk 0:24:19]} 24. Bb7
{[%clk 0:04:07]} Qxe2 {[%clk 0:18:08]} 25. Bxc8 {[%clk 0:00:54]} Qf3
{[%clk 0:18:15]} 26. Qxf8+ {[%clk 0:00:38]} Kxf8 {[%clk 0:18:26]} 27. Bh6+
{[%clk 0:01:01]} Ke8 {[%clk 0:17:39]} 28. Ne3 {[%clk 0:00:53]} Bxc8
{[%clk 0:17:42]} 0-1

[Event "World Chess Olympiad 2018"]
[Site "Batumi"]
[Date "2018.09.28"]
[Round "5"]
[Board "2"]
[WhiteFideId "11700777"]
[White "Amini Habibullah"]
[BlackFideId "11300280"]
[Black "Khetho Phemelo"]
[Result "1/2-1/2"]
[LiveChessVersion "1.4.8"]
[BlackElo "2158"]
[WhiteElo "1988"]

1. d4 {[%clk 1:30:53]} f5 {[%clk 1:30:43]} 2. Bf4 {[%clk 1:31:11]} Nf6
{[%clk 1:30:53]} 3. e3 {[%clk 1:31:34]} e6 {[%clk 1:30:43]} 4. Nd2
{[%clk 1:30:38]} Be7 {[%clk 1:29:49]} 5. Ngf3 {[%clk 1:30:38]} b6
{[%clk 1:29:41]} 6. c3 {[%clk 1:30:22]} Bb7 {[%clk 1:29:28]} 7. Bc4
{[%clk 1:30:08]} O-O {[%clk 1:27:52]} 8. O-O {[%clk 1:30:26]} Ne4
{[%clk 1:26:49]} 9. Nxe4 {[%clk 1:29:59]} fxe4 {[%clk 1:21:24]} 10. Nd2
{[%clk 1:29:59]} d5 {[%clk 1:03:35]} 11. Bb3 {[%clk 1:29:45]} Ba6
{[%clk 0:59:31]} 12. c4 {[%clk 1:30:14]} Kh8 {[%clk 0:50:03]} 13. Qg4
{[%clk 1:22:06]} Rf6 {[%clk 0:41:59]} 14. f3 {[%clk 1:08:53]} Rg6
{[%clk 0:40:31]} 15. Qh5 {[%clk 1:07:41]} Bb4 {[%clk 0:35:12]} 16. Rf2
{[%clk 1:07:30]} Nd7 {[%clk 0:34:22]} 17. Bc2 {[%clk 0:58:18]} Nf6
{[%clk 0:32:00]} 18. Qh3 {[%clk 0:54:21]} Bxd2 {[%clk 0:32:07]} 19. Rxd2
{[%clk 0:54:50]} Bxc4 {[%clk 0:32:24]} 20. fxe4 {[%clk 0:53:43]} dxe4
{[%clk 0:32:17]} 21. b3 {[%clk 0:53:07]} Bd5 {[%clk 0:32:08]} 22. Rf1
{[%clk 0:52:53]} Kg8 {[%clk 0:29:21]} 23. Bd1 {[%clk 0:52:40]} Qe7
{[%clk 0:29:06]} 24. Rdf2 {[%clk 0:52:33]} c6 {[%clk 0:25:08]} 25. Qh4
{[%clk 0:49:52]} Qb4 {[%clk 0:17:46]} 26. Bg5 {[%clk 0:47:38]} Qc3
{[%clk 0:16:53]} 27. Bh5 {[%clk 0:40:38]} Nxh5 {[%clk 0:16:17]} 28. Qxh5
{[%clk 0:41:06]} e5 {[%clk 0:14:37]} 29. Be7 {[%clk 0:24:48]} Qxe3
{[%clk 0:14:26]} 30. Kh1 {[%clk 0:25:06]} Qxf2 {[%clk 0:11:28]} 31. Rxf2
{[%clk 0:25:35]} e3 {[%clk 0:11:48]} 32. Re2 {[%clk 0:26:02]} exd4
{[%clk 0:11:47]} 33. Bg5 {[%clk 0:25:40]} Rf8 {[%clk 0:06:00]} 34. h4
{[%clk 0:25:03]} Re6 {[%clk 0:06:09]} 35. Qg4 {[%clk 0:21:59]} h6
{[%clk 0:05:18]} 36. Qxd4 {[%clk 0:20:47]} hxg5 {[%clk 0:04:45]} 37. Rxe3
{[%clk 0:21:01]} Rxe3 {[%clk 0:04:49]} 38. Qxe3 {[%clk 0:21:16]} gxh4
{[%clk 0:05:06]} 39. Kh2 {[%clk 0:21:02]} Rf5 {[%clk 0:02:15]} 40. Kh3
{[%clk 0:50:36]} Rf6 {[%clk 0:31:21]} 41. Qe8+ {[%clk 0:49:41]} Rf8
{[%clk 0:27:19]} 42. Qe3 {[%clk 0:49:52]} Rf6 {[%clk 0:27:38]} 43. Qe8+
{[%clk 0:50:11]} 1/2-1/2

[Event "World Chess Olympiad 2018"]
[Site "Batumi"]
[Date "2018.09.28"]
[Round "5"]
[Board "3"]
[WhiteFideId "11300310"]
[White "Gaealafshwe Barileng"]
[BlackFideId "11700467"]
[Black "Abdul Khaliq Wais"]
[Result "1-0"]
[LiveChessVersion "1.4.8"]
[BlackElo "1921"]
[WhiteElo "2144"]

1. Nf3 {[%clk 1:30:58]} Nf6 {[%clk 1:30:34]} 2. c4 {[%clk 1:31:22]} e6
{[%clk 1:30:57]} 3. Nc3 {[%clk 1:31:42]} d5 {[%clk 1:30:43]} 4. d4
{[%clk 1:32:00]} Be7 {[%clk 1:29:57]} 5. Bg5 {[%clk 1:32:16]} h6 {[%clk 1:29:18]}
6. Bh4 {[%clk 1:31:51]} dxc4 {[%clk 1:29:38]} 7. e3 {[%clk 1:31:06]} a6
{[%clk 1:29:36]} 8. a4 {[%clk 1:29:36]} c5 {[%clk 1:25:58]} 9. Bxc4
{[%clk 1:28:42]} cxd4 {[%clk 1:25:28]} 10. exd4 {[%clk 1:28:21]} O-O
{[%clk 1:24:41]} 11. O-O {[%clk 1:28:20]} Nbd7 {[%clk 1:21:37]} 12. Qe2
{[%clk 1:27:47]} Nb6 {[%clk 1:21:13]} 13. Ba2 {[%clk 1:26:16]} Nfd5
{[%clk 1:19:46]} 14. Nxd5 {[%clk 1:09:34]} Nxd5 {[%clk 1:16:57]} 15. Bxd5
{[%clk 1:09:47]} Bxh4 {[%clk 1:16:23]} 16. Be4 {[%clk 1:10:03]} Bf6
{[%clk 1:15:47]} 17. Qc4 {[%clk 1:08:14]} Rb8 {[%clk 1:12:20]} 18. Rad1
{[%clk 0:57:49]} Qa5 {[%clk 0:53:02]} 19. b3 {[%clk 0:57:09]} b5 {[%clk 0:52:02]}
20. Qc5 {[%clk 0:50:49]} Qb6 {[%clk 0:49:16]} 21. Bh7+ {[%clk 0:50:41]} Kxh7
{[%clk 0:48:57]} 22. Qxf8 {[%clk 0:51:04]} bxa4 {[%clk 0:45:27]} 23. bxa4
{[%clk 0:50:41]} Bd7 {[%clk 0:42:31]} 24. Qa3 {[%clk 0:48:26]} a5
{[%clk 0:38:38]} 25. Qd3+ {[%clk 0:46:02]} g6 {[%clk 0:37:48]} 26. Rb1
{[%clk 0:45:47]} Qd6 {[%clk 0:38:11]} 27. Rxb8 {[%clk 0:45:23]} Qxb8
{[%clk 0:38:40]} 28. Qc4 {[%clk 0:38:45]} Qf4 {[%clk 0:33:07]} 29. Qc5
{[%clk 0:36:21]} Bxa4 {[%clk 0:32:19]} 30. Qxa5 {[%clk 0:33:24]} Bc6
{[%clk 0:29:57]} 31. Ne5 {[%clk 0:31:45]} Bd5 {[%clk 0:29:53]} 32. Qc7
{[%clk 0:31:44]} Qe4 {[%clk 0:23:30]} 33. Qxf7+ {[%clk 0:30:22]} Bg7
{[%clk 0:23:58]} 34. Nf3 {[%clk 0:29:56]} e5 {[%clk 0:23:52]} 35. Qd7 exd4
{[%clk 0:18:18]} 36. Re1 {[%clk 0:25:11]} Qf5 {[%clk 0:18:28]} 37. Qxf5
{[%clk 0:23:38]} gxf5 {[%clk 0:18:56]} 38. Nxd4 {[%clk 0:23:35]} Bxd4
{[%clk 0:18:08]} 39. Rd1 {[%clk 0:24:00]} Bxg2 {[%clk 0:18:26]} 40. Rxd4
{[%clk 0:53:23]} Be4 {[%clk 0:48:22]} 41. Rd6 {[%clk 0:53:42]} h5
{[%clk 0:48:03]} 42. f4 {[%clk 0:53:56]} h4 {[%clk 0:47:57]} 43. Kf2
{[%clk 0:53:38]} Kg7 {[%clk 0:48:16]} 44. Ke3 {[%clk 0:54:00]} h3
{[%clk 0:47:39]} 45. Kd4 {[%clk 0:54:14]} Bf3 {[%clk 0:45:35]} 46. Ke5
{[%clk 0:53:19]} Bg4 {[%clk 0:41:55]} 47. Rf6 {[%clk 0:53:27]} 1-0